| 000 | 00908cam a2200181 4500 | ||
|---|---|---|---|
| 001 | L131084 | ||
| 008 | 050926n2005 000 0 eng u | ||
| 035 | _a(Sirsi) u131084 | ||
| 041 | 0 | _aeng | |
| 110 | 1 |
_aUnited Kingdom _bPlanning Inspectorate _92192 |
|
| 245 |
_aDefinitive map orders _bconsistency guidelines |
||
| 260 |
_aBristol _bPlanning Inspectorate _c2005 |
||
| 520 | _aThe Planning Inspectorate's guidelines provide information and references and relevant case law to assist in the interpretation and weighing of evidence on definitive map orders. They are the primary reference material for inspectors in determining such orders. | ||
| 590 | _aIKA270905 | ||
| 690 |
_aBoundary disputes _96221 |
||
| 856 | 4 | 0 |
_uhttps://www.planning-inspectorate.gov.uk/pins/appeals/rights_of_way/consistency_guidelines_01.htm _zView the guidelines free of charge at www.planning-inspectorate.gov.uk... |
| 942 | _n0 | ||
| 999 |
_c104635 _d104635 |
||